000 00298nam a2200133 i 4500
001 bg
245 0 _aDiagrammy sostojanija metalliceskich sistem.
260 _aMoskva,
_c1971.
040 _cBPK
041 _apol
080 _a669.017
942 _cKS
008 s pl f |000 0 pol
999 _c14947
_d14947
856 _uhttp://koha.tu.koszalin.pl/cgi-bin/koha/opac-detail.pl?biblionumber=14947
_yKatalog online BPK